000 00651cam a2200229 4500
001 ABS61893
008 000000n2000 000 0 eng u
035 _a(Sirsi) u104490
100 _aHamson, L.
245 _aSmall talk
260 _c2000
490 _aProperty Week
_v65(8) 25 February 2000 36-38(3)
520 _aStudy of small surveying companies about their views on business practice, the state of the market and their hopes for the future.
590 _aABS
650 _aPROFIT
650 _aFEE INCOME
650 _aIT
650 _aE-MAIL
650 _aSMALL FIRMS
690 _aMANAGEMENT-BUSINESS MANAGEMENT
942 _n0
999 _c62692
_d62692